Estadísticas para Las ciudades más grandes en 4 países aleatorios en un mapa

Haz click aquí para intentar la prueba.

Estadísticas generales

  • Esta prueba ha sido intentada 4.838 veces
  • La puntuación promedio es 11 de 20

Respuestas en el mapa

Las respuestas están codificadas por una escala verde-roja en el mapa de la prueba según el % correcto abajo.
 

Estadísticas de respuestas

PaísPoblaciónCiudad% Correcto
Dinamarca115 908Aalborg
100%
Dinamarca277 086Aarhus
100%
Dinamarca277,086Aarhus
100%
Nigeria2,940,000Abuya
100%
Nigeria2 940 000Abuya
100%
Nigeria2,940,000Abuya
100%
Egipto5,107,530Alejandría
100%
Bélgica878 702Amberes
100%
Bélgica878 702Amberes
100%
Bélgica878,702Amberes
100%
Bélgica878,702Amberes
100%
Países Bajos1,114,745Ámsterdam
100%
Países Bajos1,114,745Ámsterdam
100%
Países Bajos1 114 745Ámsterdam
100%
Países Bajos1,114,745Ámsterdam
100%
Países Bajos1,114,745Ámsterdam
100%
Países Bajos1,114,745Ámsterdam
100%
Países Bajos1,114,745Ámsterdam
100%
Países Bajos1,114,745Ámsterdam
100%
Países Bajos1,114,745Ámsterdam
100%
Turquía5 503 985Ankara
100%
Turquía5,503,985Ankara
100%
Turquía5,503,985Ankara
100%
Turquía5,503,985Ankara
100%
Turquía5,503,985Ankara
100%
Turquía5,503,985Ankara
100%
Turquía5,503,985Ankara
100%
Nueva Zelanda1,402,020Auckland
100%
Nueva Zelanda1,402,020Auckland
100%
Nueva Zelanda1,402,020Auckland
100%
Nueva Zelanda1 402 020Auckland
100%
Irak6,719,500Bagdad
100%
Irak6,719,500Bagdad
100%
Irak6,719,500Bagdad
100%
Irak6,719,500Bagdad
100%
Irak6,719,500Bagdad
100%
Irak6,719,500Bagdad
100%
España4,730,000Barcelona
100%
España4,730,000Barcelona
100%
España4,730,000Barcelona
100%
España4,730,000Barcelona
100%
España4,730,000Barcelona
100%
España4,730,000Barcelona
100%
España4 730 000Barcelona
100%
España4,730,000Barcelona
100%
España4,730,000Barcelona
100%
España4,730,000Barcelona
100%
España4,730,000Barcelona
100%
Colombia1,205,284Barranquilla
100%
Colombia1,205,284Barranquilla
100%
Colombia1,205,284Barranquilla
100%
Brasil5,944,892Belo Horizonte
100%
Alemania4,439,100Berlín
100%
Alemania4,439,100Berlín
100%
Alemania4,439,100Berlín
100%
Alemania4,439,100Berlín
100%
Alemania4,439,100Berlín
100%
Alemania4,439,100Berlín
100%
Alemania4 439 100Berlín
100%
Alemania4,439,100Berlín
100%
Alemania4,439,100Berlín
100%
Suiza275,667Berna
100%
Suiza275 667Berna
100%
Suiza275,667Berna
100%
Suiza275,667Berna
100%
Suiza275,667Berna
100%
Suiza275,667Berna
100%
Suiza275,667Berna
100%
Suiza275,667Berna
100%
Suiza275,667Berna
100%
Suiza275,667Berna
100%
Reino Unido2,570,990Birmingham
100%
Reino Unido2,570,990Birmingham
100%
Reino Unido2,570,990Birmingham
100%
Reino Unido2 570 990Birmingham
100%
Colombia7,387,400Bogotá
100%
Colombia7,387,400Bogotá
100%
Colombia7,387,400Bogotá
100%
Colombia7,387,400Bogotá
100%
Colombia7,387,400Bogotá
100%
Colombia7,387,400Bogotá
100%
Colombia7,387,400Bogotá
100%
Colombia7,387,400Bogotá
100%
Colombia7,387,400Bogotá
100%
India18,394,912Bombay
100%
India18 394 912Bombay
100%
Portugal181,494Braga
100%
Portugal181,494Braga
100%
Brasil4,406,341Brasilia
100%
Brasil4,406,341Brasilia
100%
Brasil4,406,341Brasilia
100%
Brasil4,406,341Brasilia
100%
Brasil4,406,341Brasilia
100%
Brasil4,406,341Brasilia
100%
Brasil4 406 341Brasilia
100%
Brasil4,406,341Brasilia
100%
Brasil4,406,341Brasilia
100%
Bélgica1,815,091Bruselas
100%
Bélgica1,815,091Bruselas
100%
Bélgica1,815,091Bruselas
100%
Bélgica1 815 091Bruselas
100%
Bélgica1 815 091Bruselas
100%
Bélgica1,815,091Bruselas
100%
Bélgica1,815,091Bruselas
100%
Bélgica1,815,091Bruselas
100%
Bélgica1,815,091Bruselas
100%
Bélgica1,815,091Bruselas
100%
Argentina15,172,700Buenos Aires
100%
Argentina15,172,700Buenos Aires
100%
Argentina15,172,700Buenos Aires
100%
Argentina15 172 700Buenos Aires
100%
Argentina15,172,700Buenos Aires
100%
Argentina15 172 700Buenos Aires
100%
Argentina15,172,700Buenos Aires
100%
Argentina15,172,700Buenos Aires
100%
Argentina15,172,700Buenos Aires
100%
Argentina15,172,700Buenos Aires
100%
Corea del Sur3,320,292Busan
100%
India14,057,991Calcuta
100%
India14,057,991Calcuta
100%
India14 057 991Calcuta
100%
India14,057,991Calcuta
100%
Canadá1,237,656Calgary
100%
Colombia2,172,527Cali
100%
Colombia2,172,527Cali
100%
Colombia2,172,527Cali
100%
Colombia2,172,527Cali
100%
Colombia876,885Cartagena
100%
Colombia876,885Cartagena
100%
Colombia876,885Cartagena
100%
Marruecos3,359,818Casablanca
100%
Marruecos3,359,818Casablanca
100%
Marruecos3,359,818Casablanca
100%
Marruecos3 359 818Casablanca
100%
Marruecos3,359,818Casablanca
100%
India8,653,521Chennai
100%
Estados Unidos8 608 208Chicago
100%
Estados Unidos8,608,208Chicago
100%
Estados Unidos8,608,208Chicago
100%
Estados Unidos8 608 208Chicago
100%
Estados Unidos8,608,208Chicago
100%
Estados Unidos8,608,208Chicago
100%
Nueva Zelanda374,100Christchurch
100%
Sudáfrica3,430,992Ciudad del Cabo
100%
Sudáfrica3,430,992Ciudad del Cabo
100%
Sudáfrica3,430,992Ciudad del Cabo
100%
Sudáfrica3,430,992Ciudad del Cabo
100%
Sudáfrica3,430,992Ciudad del Cabo
100%
Sudáfrica3 430 992Ciudad del Cabo
100%
Sudáfrica3 430 992Ciudad del Cabo
100%
Sudáfrica3,430,992Ciudad del Cabo
100%
Sudáfrica3,430,992Ciudad del Cabo
100%
México20,892,724Ciudad de México
100%
México20,892,724Ciudad de México
100%
México20,892,724Ciudad de México
100%
México20,892,724Ciudad de México
100%
México20,892,724Ciudad de México
100%
México20,892,724Ciudad de México
100%
Alemania2,452,800Colonia
100%
Alemania2,452,800Colonia
100%
Alemania2,452,800Colonia
100%
Alemania2,452,800Colonia
100%
Dinamarca1,320,629Copenhague
100%
Dinamarca1,320,629Copenhague
100%
Dinamarca1,320,629Copenhague
100%
Dinamarca1 320 629Copenhague
100%
aDinamarca1 320 629Copenhague
100%
Dinamarca1,320,629Copenhague
100%
Dinamarca1,320,629Copenhague
100%
Dinamarca1,320,629Copenhague
100%
Dinamarca1,320,629Copenhague
100%
Dinamarca1,320,629Copenhague
100%
Argentina1,612,100Córdoba
100%
Argentina1 612 100Córdoba
100%
Argentina1,612,100Córdoba
100%
Argentina1,612,100Córdoba
100%
Argentina1 612 100Córdoba
100%
India16,349,831Delhi
100%
India16,349,831Delhi
100%
India16,349,831Delhi
100%
India16,349,831Delhi
100%
Sudáfrica2,786,046Durban
100%
Canadá1,062,643Edmonton
100%
Egipto20,500,000El Cairo
100%
Egipto20,500,000El Cairo
100%
Egipto20 500 000El Cairo
100%
Egipto20,500,000El Cairo
100%
Egipto20,500,000El Cairo
100%
Egipto20,500,000El Cairo
100%
Irak879,000Erbil
100%
Dinamarca72 168Esbjerg
100%
Turquía15,067,724Estambul
100%
Turquía15,067,724Estambul
100%
Turquía15,067,724Estambul
100%
Turquía15,067,724Estambul
100%
Turquía15,067,724Estambul
100%
Turquía15,067,724Estambul
100%
Turquía15,067,724Estambul
100%
Suecia1,734,972Estocolmo
100%
Suecia1 734 972Estocolmo
100%
Suecia1,734,972Estocolmo
100%
Suecia1,734,972Estocolmo
100%
Suecia1,734,972Estocolmo
100%
Suecia1,734,972Estocolmo
100%
Suecia1 734 972Estocolmo
100%
Suecia1,734,972Estocolmo
100%
Suecia1,734,972Estocolmo
100%
Pakistán3,204,726Faisalabad
100%
Estados Unidos5 441 567Filadelfia
100%
Italia980,000Florencia
100%
Italia980,000Florencia
100%
Italia980,000Florencia
100%
Italia980,000Florencia
100%
Italia980 000Florencia
100%
Italia980,000Florencia
100%
Alemania1,508,700Fráncfort
100%
Alemania1,508,700Fráncfort
100%
Alemania1,508,700Fráncfort
100%
Alemania1,508,700Fráncfort
100%
Japón5 538 142Fukuoka
100%
Bélgica375,626Gante
100%
Bélgica375 626Gante
100%
Suiza511,749Ginebra
100%
Reino Unido999 300Glasgow
100%
Reino Unido999,300Glasgow
100%
Suecia642 202Gotemburgo
100%
Austria344,782Graz
100%
México4,887,383Guadalajara
100%
México4,887,383Guadalajara
100%
México4,887,383Guadalajara
100%
México4,887,383Guadalajara
100%
Pakistán2,027,001Gujranwala
100%
Alemania2,474,900Hamburgo
100%
Alemania2,474,900Hamburgo
100%
Alemania2,474,900Hamburgo
100%
Alemania2,474,900Hamburgo
100%
Alemania2,474,900Hamburgo
100%
Vietnam2 414 621Hanói
100%
Vietnam2,414,621Hanói
100%
Vietnam2,414,621Hanói
100%
Austria228,525Innsbruck
100%
Sudáfrica7,830,781Johannesburgo
100%
Sudáfrica7 830 781Johannesburgo
100%
Sudáfrica7,830,781Johannesburgo
100%
Sudáfrica7,830,781Johannesburgo
100%
Sudáfrica7,830,781Johannesburgo
100%
Sudáfrica7,830,781Johannesburgo
100%
Nigeria4,155,000Kano
100%
Pakistán14,916,456Karachi
100%
Pakistán14,916,456Karachi
100%
Ucrania2,950,819Kiev
100%
Ucrania2,950,819Kiev
100%
Ucrania2,950,819Kiev
100%
Ucrania2,950,819Kiev
100%
Ucrania2,950,819Kiev
100%
Ucrania2 950 819Kiev
100%
Ucrania2,950,819Kiev
100%
Ucrania2,950,819Kiev
100%
Ucrania2,950,819Kiev
100%
Nigeria13,745,000Lagos
100%
Nigeria13 745 000Lagos
100%
Nigeria13,745,000Lagos
100%
Nigeria13,745,000Lagos
100%
Países Bajos803,835La Haya
100%
Países Bajos803,835La Haya
100%
Países Bajos803,835La Haya
100%
Pakistán11,126,285Lahore
100%
Arabia Saudita1,534,731La Meca
100%
Reino Unido1 856 709Leeds
100%
Bélgica500 939Lieja
100%
Austria271,231Linz
100%
Portugal2,821,876Lisboa
100%
Portugal2,821,876Lisboa
100%
Portugal2,821,876Lisboa
100%
Portugal2,821,876Lisboa
100%
Portugal2,821,876Lisboa
100%
Portugal2,821,876Lisboa
100%
Portugal2 821 876Lisboa
100%
Portugal2,821,876Lisboa
100%
Portugal2,821,876Lisboa
100%
Portugal2 821 876Lisboa
100%
Reino Unido10 320 723Londres
100%
Reino Unido10,320,723Londres
100%
Reino Unido10,320,723Londres
100%
Reino Unido10,320,723Londres
100%
Reino Unido10,320,723Londres
100%
Reino Unido10,320,723Londres
100%
Reino Unido10,320,723Londres
100%
Reino Unido10,320,723Londres
100%
Reino Unido10,320,723Londres
100%
Reino Unido10,320,723Londres
100%
Estados Unidos12 150 996Los Ángeles
100%
Estados Unidos12,150,996Los Ángeles
100%
Estados Unidos12,150,996Los Ángeles
100%
Estados Unidos12,150,996Los Ángeles
100%
Estados Unidos12,150,996Los Ángeles
100%
Estados Unidos12,150,996Los Ángeles
100%
Estados Unidos12,150,996Los Ángeles
100%
Estados Unidos12 150 996Los Ángeles
100%
Francia1,659,001Lyon
100%
Francia1,659,001Lyon
100%
Francia1,659,001Lyon
100%
Francia1,659,001Lyon
100%
Francia1,659,001Lyon
100%
Francia1,659,001Lyon
100%
España6,450,000Madrid
100%
España6,450,000Madrid
100%
España6,450,000Madrid
100%
España6,450,000Madrid
100%
España6,450,000Madrid
100%
España6,450,000Madrid
100%
España6,450,000Madrid
100%
España6 450 000Madrid
100%
España6,450,000Madrid
100%
España6,450,000Madrid
100%
España6,450,000Madrid
100%
España1,010,000Málaga
100%
España1,010,000Málaga
100%
España1,010,000Málaga
100%
España1,010,000Málaga
100%
España1,010,000Málaga
100%
España1,010,000Málaga
100%
España1,010,000Málaga
100%
Suecia317,245Malmö
100%
Suecia317,245Malmö
100%
Suecia317 245Malmö
100%
Suecia317 245Malmö
100%
Reino Unido2,681,285Mánchester
100%
Reino Unido2,681,285Mánchester
100%
Reino Unido2 681 285Mánchester
100%
Reino Unido2,681,285Mánchester
100%
Reino Unido2,681,285Mánchester
100%
Reino Unido2,681,285Mánchester
100%
Reino Unido2,681,285Mánchester
100%
Reino Unido2,681,285Mánchester
100%
Marruecos928,850Marrakech
100%
Francia1,590,867Marsella
100%
Francia1,590,867Marsella
100%
Francia1,590,867Marsella
100%
Francia1,590,867Marsella
100%
Francia1,590,867Marsella
100%
Francia1,590,867Marsella
100%
Francia1,590,867Marsella
100%
Indonesia2 097 610Medan
100%
Colombia2,382,399Medellín
100%
Colombia2,382,399Medellín
100%
Colombia2,382,399Medellín
100%
Colombia2,382,399Medellín
100%
Colombia2,382,399Medellín
100%
Colombia2,382,399Medellín
100%
Colombia2,382,399Medellín
100%
Australia4,196,201Melbourne
100%
Australia4,196,201Melbourne
100%
Australia4,196,201Melbourne
100%
Estados Unidos5,502,379Miami
100%
Estados Unidos5,502,379Miami
100%
Estados Unidos5,502,379Miami
100%
Estados Unidos5,502,379Miami
100%
Estados Unidos5,502,379Miami
100%
Estados Unidos5 502 379Miami
100%
Estados Unidos5,502,379Miami
100%
Estados Unidos5 502 379Miami
100%
Italia5,200,000Milán
100%
Italia5,200,000Milán
100%
Italia5 200 000Milán
100%
Italia5,200,000Milán
100%
Italia5,200,000Milán
100%
Italia5,200,000Milán
100%
Italia5,200,000Milán
100%
Italia5,200,000Milán
100%
México4,689,601Monterrey
100%
Canadá3,519,595Montreal
100%
Canadá3 519 595Montreal
100%
Canadá3,519,595Montreal
100%
Canadá3,519,595Montreal
100%
Canadá3,519,595Montreal
100%
Canadá3,519,595Montreal
100%
Rusia12,432,531Moscú
100%
Rusia12,432,531Moscú
100%
Rusia12,432,531Moscú
100%
Rusia12,432,531Moscú
100%
Rusia12,432,531Moscú
100%
Rusia12,432,531Moscú
100%
Rusia12,432,531Moscú
100%
Rusia12,432,531Moscú
100%
Rusia12 432 531Moscú
100%
Rusia12,432,531Moscú
100%
Rusia12,432,531Moscú
100%
Irak1,361,800Mosul
100%
Alemania1,994,200Múnich
100%
Alemania1,994,200Múnich
100%
Alemania1,994,200Múnich
100%
Alemania1,994,200Múnich
100%
Japón9,363,221Nagoya
100%
Japón9,363,221Nagoya
100%
Japón9 363 221Nagoya
100%
Italia4,230,000Nápoles
100%
Italia4 230 000Nápoles
100%
Italia4,230,000Nápoles
100%
Italia4,230,000Nápoles
100%
Italia4,230,000Nápoles
100%
Italia4,230,000Nápoles
100%
Italia4,230,000Nápoles
100%
Italia4,230,000Nápoles
100%
Estados Unidos18,351,295Nueva York
100%
Estados Unidos18,351,295Nueva York
100%
Estados Unidos18 351 295Nueva York
100%
Estados Unidos18,351,295Nueva York
100%
Estados Unidos18,351,295Nueva York
100%
Estados Unidos18 351 295Nueva York
100%
Estados Unidos18,351,295Nueva York
100%
Estados Unidos18,351,295Nueva York
100%
Estados Unidos18,351,295Nueva York
100%
Estados Unidos18,351,295Nueva York
100%
Estados Unidos18,351,295Nueva York
100%
Dinamarca179 601Odense
100%
Ucrania1,013,159Odesa
100%
Portugal2,162,524Oporto
100%
Portugal2 162 524Oporto
100%
Portugal2 162 524Oporto
100%
Portugal2,162,524Oporto
100%
Portugal2,162,524Oporto
100%
Portugal2,162,524Oporto
100%
Portugal2,162,524Oporto
100%
Japón19,302,746Osaka
100%
Japón19,302,746Osaka
100%
Japón19,302,746Osaka
100%
Japón19 302 746Osaka
100%
Japón19,302,746Osaka
100%
Japón19,302,746Osaka
100%
Francia10,784,830París
100%
Francia10,784,830París
100%
Francia10,784,830París
100%
Francia10,784,830París
100%
Francia10,784,830París
100%
Francia10,784,830París
100%
Francia10,784,830París
100%
Francia10,784,830París
100%
Francia10,784,830París
100%
Francia10,784,830París
100%
China16,704,306Pekín
100%
China16,704,306Pekín
100%
China16,704,306Pekín
100%
China16,704,306Pekín
100%
China16,704,306Pekín
100%
China16,704,306Pekín
100%
China16,704,306Pekín
100%
China16,704,306Pekín
100%
Australia1 874 577Perth
100%
Australia1,874,577Perth
100%
Sudáfrica1,763,336Pretoria
100%
Sudáfrica1 763 336Pretoria
100%
Sudáfrica1,763,336Pretoria
100%
Sudáfrica1,763,336Pretoria
100%
Sudáfrica1,763,336Pretoria
100%
Sudáfrica1,763,336Pretoria
100%
Sudáfrica1,763,336Pretoria
100%
México2,941,988Puebla
100%
México2,941,988Puebla
100%
Pakistán2,098,231Rawalpindi
100%
Arabia Saudita5,188,286Riad
100%
Arabia Saudita5,188,286Riad
100%
Arabia Saudita5,188,286Riad
100%
Arabia Saudita5,188,286Riad
100%
Brasil12,644,321Río de Janeiro
100%
Brasil12,644,321Río de Janeiro
100%
Brasil12 644 321Río de Janeiro
100%
Brasil12,644,321Río de Janeiro
100%
Brasil12,644,321Río de Janeiro
100%
Brasil12,644,321Río de Janeiro
100%
Brasil12,644,321Río de Janeiro
100%
Brasil12,644,321Río de Janeiro
100%
Brasil12,644,321Río de Janeiro
100%
Brasil12,644,321Río de Janeiro
100%
Italia3,580,000Roma
100%
Italia3,580,000Roma
100%
Italia3,580,000Roma
100%
Italia3,580,000Roma
100%
Italia3,580,000Roma
100%
Italia3,580,000Roma
100%
Italia3,580,000Roma
100%
Italia3 580 000Roma
100%
Italia3,580,000Roma
100%
Italia3,580,000Roma
100%
Países Bajos829,875Róterdam
100%
Países Bajos829,875Róterdam
100%
Países Bajos829,875Róterdam
100%
Países Bajos829 875Róterdam
100%
Países Bajos829,875Róterdam
100%
Austria228,629Salzburg
100%
Austria228,629Salzburg
100%
Austria228,629Salzburg
100%
Austria228 629Salzburg
100%
Rusia5 383 890San Petersburgo
100%
Rusia5,383,890San Petersburgo
100%
Rusia5,383,890San Petersburgo
100%
Rusia5,383,890San Petersburgo
100%
Rusia5,383,890San Petersburgo
100%
Rusia5,383,890San Petersburgo
100%
Brasil21,734,682São Paulo
100%
Brasil21,734,682São Paulo
100%
Brasil21,734,682São Paulo
100%
Brasil21,734,682São Paulo
100%
Brasil21,734,682São Paulo
100%
Brasil21,734,682São Paulo
100%
Brasil21 734 682São Paulo
100%
Brasil21,734,682São Paulo
100%
Japón2,842,151Sapporo
100%
Japón2 842 151Sapporo
100%
Corea del Sur10,049,607Seúl
100%
Corea del Sur10,049,607Seúl
100%
Corea del Sur10,049,607Seúl
100%
Corea del Sur10,049,607Seúl
100%
Corea del Sur10,049,607Seúl
100%
Corea del Sur10,049,607Seúl
100%
Corea del Sur10 049 607Seúl
100%
Corea del Sur10,049,607Seúl
100%
Corea del Sur10,049,607Seúl
100%
España1,320,000Sevilla
100%
España1,320,000Sevilla
100%
España1,320,000Sevilla
100%
España1,320,000Sevilla
100%
España1 320 000Sevilla
100%
España1,320,000Sevilla
100%
España1,320,000Sevilla
100%
China20,217,748Shanghái
100%
China20,217,748Shanghái
100%
China20,217,748Shanghái
100%
China20,217,748Shanghái
100%
China20,217,748Shanghái
100%
Australia4,321,543Sídney
100%
Australia4,321,543Sídney
100%
Australia4,321,543Sídney
100%
Australia4,321,543Sídney
100%
Australia4,321,543Sídney
100%
Australia4,321,543Sídney
100%
Australia4,321,543Sídney
100%
Australia4 321 543Sídney
100%
Indonesia2 765 487Surabaya
100%
Marruecos947,952Tanger
100%
Marruecos947,952Tanger
100%
Irán8,693,706Teherán
100%
Irán8,693,706Teherán
100%
Irán8,693,706Teherán
100%
Irán8,693,706Teherán
100%
Japón37,273,866Tokio
100%
Japón37 273 866Tokio
100%
Japón37,273,866Tokio
100%
Japón37,273,866Tokio
100%
Japón37,273,866Tokio
100%
Japón37,273,866Tokio
100%
Japón37,273,866Tokio
100%
Japón37,273,866Tokio
100%
Japón37,273,866Tokio
100%
Japón37,273,866Tokio
100%
Francia968,638Tolosa
100%
Canadá5,429,524Toronto
100%
Canadá5,429,524Toronto
100%
Canadá5,429,524Toronto
100%
Canadá5,429,524Toronto
100%
Canadá5,429,524Toronto
100%
Canadá5,429,524Toronto
100%
Canadá5 429 524Toronto
100%
Italia1,640,000Turín
100%
Italia1,640,000Turín
100%
Suecia162 089Uppsala
100%
Países Bajos382,520Utrecht
100%
España1,770,000Valencia
100%
España1,770,000Valencia
100%
España1,770,000Valencia
100%
España1,770,000Valencia
100%
España1,770,000Valencia
100%
España1,770,000Valencia
100%
España1,770,000Valencia
100%
España1,770,000Valencia
100%
España1,770,000Valencia
100%
España1,770,000Valencia
100%
España1 770 000Valencia
100%
Canadá2,264,823Vancouver
100%
Canadá2 264 823Vancouver
100%
Canadá2,264,823Vancouver
100%
Canadá2,264,823Vancouver
100%
Canadá2,264,823Vancouver
100%
Polonia1,777,972Varsovia
100%
Polonia1,777,972Varsovia
100%
Polonia1,777,972Varsovia
100%
Polonia1,777,972Varsovia
100%
Polonia1,777,972Varsovia
100%
Polonia1,777,972Varsovia
100%
Polonia1,777,972Varsovia
100%
Polonia1,777,972Varsovia
100%
Polonia1 777 972Varsovia
100%
Austria2,221,476Viena
100%
Austria2,221,476Viena
100%
Austria2,221,476Viena
100%
Austria2,221,476Viena
100%
Austria2,221,476Viena
100%
Austria2 221 476Viena
100%
Austria2,221,476Viena
100%
Austria2,221,476Viena
100%
Nueva Zelanda209,420Wellington
100%
Nueva Zelanda209,420Wellington
100%
Nueva Zelanda209 420Wellington
100%
Nueva Zelanda209,420Wellington
100%
Nueva Zelanda209,420Wellington
100%
Nueva Zelanda209,420Wellington
100%
Nueva Zelanda209,420Wellington
100%
Indonesia9 586 705Yakarta
100%
Indonesia9 586 705Yakarta
100%
Indonesia9,586,705Yakarta
100%
Indonesia9,586,705Yakarta
100%
Indonesia9,586,705Yakarta
100%
Indonesia9 586 705Yakarta
100%
Indonesia9 586 705Yakarta
100%
Indonesia9,586,705Yakarta
100%
Suiza1,099,791Zúrich
100%
Suiza1 099 791Zúrich
100%
Suiza1,099,791Zúrich
100%
Suiza1,099,791Zúrich
100%
Suiza1,099,791Zúrich
100%
Suiza1,099,791Zúrich
100%
Argentina1,612,100Córdoba
88%
Italia1,640,000Turín
88%
Suiza511,749Ginebra
86%
Pakistán14,916,456Karachi
86%
Francia1,590,867Marsella
86%
Japón19,302,746Osaka
86%
Sudáfrica1,763,336Pretoria
86%
Brasil21,734,682São Paulo
86%
Brasil21,734,682São Paulo
86%
Japón2,842,151Sapporo
86%
China20,217,748Shanghái
86%
Países Bajos1,114,745Ámsterdam
83%
Alemania4,439,100Berlín
83%
Argentina15,172,700Buenos Aires
83%
Egipto20,500,000El Cairo
83%
Suecia1,734,972Estocolmo
83%
Reino Unido999,300Glasgow
83%
Vietnam2,414,621Hanói
83%
Sudáfrica7,830,781Johannesburgo
83%
Reino Unido1,856,709Leeds
83%
Estados Unidos12,150,996Los Ángeles
83%
Francia1,659,001Lyon
83%
Reino Unido2,681,285Mánchester
83%
Francia1,590,867Marsella
83%
Alemania1,994,200Múnich
83%
Portugal2,162,524Oporto
83%
Australia1,874,577Perth
83%
Argentina1,339,500Rosario
83%
Turquía5,503,985Ankara
80%
Nueva Zelanda1,402,020Auckland
80%
Colombia1,205,284Barranquilla
80%
Reino Unido2,570,990Birmingham
80%
Reino Unido2,570,990Birmingham
80%
Portugal181,494Braga
80%
Colombia2,172,527Cali
80%
Colombia876,885Cartagena
80%
Estados Unidos8,608,208Chicago
80%
Estados Unidos8,608,208Chicago
80%
Sudáfrica3,430,992Ciudad del Cabo
80%
México20,892,724Ciudad de México
80%
India16,349,831Delhi
80%
Turquía15,067,724Estambul
80%
Italia980,000Florencia
80%
Italia980,000Florencia
80%
Bélgica375,626Gante
80%
Reino Unido999,300Glasgow
80%
Ucrania1,446,107Járkov
80%
Sudáfrica7,830,781Johannesburgo
80%
Nigeria13,745,000Lagos
80%
Arabia Saudita1,534,731La Meca
80%
Reino Unido1,856,709Leeds
80%
Francia1,043,623Lille
80%
Portugal2,821,876Lisboa
80%
Estados Unidos12,150,996Los Ángeles
80%
Francia1,659,001Lyon
80%
Reino Unido2,681,285Mánchester
80%
Arabia Saudita1,100,093Medina
80%
Australia4,196,201Melbourne
80%
Argentina1,053,500Mendoza
80%
Estados Unidos5,502,379Miami
80%
Estados Unidos5,502,379Miami
80%
Italia5,200,000Milán
80%
Italia5,200,000Milán
80%
Italia4,230,000Nápoles
80%
Ucrania1,013,159Odesa
80%
Japón19,302,746Osaka
80%
Australia1,874,577Perth
80%
Sudáfrica1,763,336Pretoria
80%
Arabia Saudita5,188,286Riad
80%
Brasil12,644,321Río de Janeiro
80%
Argentina1,339,500Rosario
80%
Países Bajos829,875Róterdam
80%
Austria228,629Salzburg
80%
Rusia5,383,890San Petersburgo
80%
China20,217,748Shanghái
80%
Australia4,321,543Sídney
80%
Irán8,693,706Teherán
80%
Irán8,693,706Teherán
80%
China9,583,277Tianjin
80%
Italia1,640,000Turín
80%
Nueva Zelanda209,420Wellington
80%
Egipto5 107 530Alejandría
75%
Nueva Zelanda1,402,020Auckland
75%
Nueva Zelanda1,402,020Auckland
75%
India8,520,435Bangalore
75%
Brasil5,944,892Belo Horizonte
75%
India18,394,912Bombay
75%
Australia2,054,616Brisbane
75%
India14,057,991Calcuta
75%
Canadá1,237,656Calgary
75%
Canadá1,237,656Calgary
75%
Colombia2,172,527Cali
75%
Marruecos3,359,818Casablanca
75%
Estados Unidos8,608,208Chicago
75%
Nueva Zelanda374,100Christchurch
75%
India16,349,831Delhi
75%
Canadá1,062,643Edmonton
75%
Canadá1,062,643Edmonton
75%
Países Bajos298 795Eindhoven
75%
Egipto20,500,000El Cairo
75%
Japón5,538,142Fukuoka
75%
Bélgica375,626Gante
75%
Suiza511 749Ginebra
75%
Suecia642,202Gotemburgo
75%
Alemania2 474 900Hamburgo
75%
Nigeria13,745,000Lagos
75%
Arabia Saudita1,534,731La Meca
75%
España1,010,000Málaga
75%
Suecia317,245Malmö
75%
Suecia317,245Malmö
75%
Marruecos928,850Marrakech
75%
Australia4 196 201Melbourne
75%
Canadá3,519,595Montreal
75%
Alemania1 994 200Múnich
75%
Japón9,363,221Nagoya
75%
Portugal2,162,524Oporto
75%
China16 704 306Pekín
75%
Australia1,874,577Perth
75%
Arabia Saudita5,188,286Riad
75%
Argentina1,339,500Rosario
75%
Rusia5,383,890San Petersburgo
75%
Rusia5,383,890San Petersburgo
75%
España1,320,000Sevilla
75%
China20,217,748Shanghái
75%
Marruecos947,952Tanger
75%
Marruecos947,952Tanger
75%
Canadá2,264,823Vancouver
75%
Arabia Saudita3,430,697Yeda
75%
Suiza1,099,791Zúrich
75%
Brasil4,406,341Brasilia
71%
China10,641,408Cantón
71%
Argentina1,612,100Córdoba
71%
Polonia771,069Cracovia
71%
Polonia771,069Cracovia
71%
India16,349,831Delhi
71%
Suecia642,202Gotemburgo
71%
Pakistán11,126,285Lahore
71%
Francia1,659,001Lyon
71%
Suecia317,245Malmö
71%
Japón9,363,221Nagoya
71%
Argentina1,339,500Rosario
71%
Dinamarca115,908Aalborg
67%
Nigeria2,940,000Abuya
67%
Nigeria2,940,000Abuya
67%
Nigeria2,940,000Abuya
67%
Australia1,165,639Adelaida
67%
Egipto5,107,530Alejandría
67%
Egipto5,107,530Alejandría
67%
Egipto5,107,530Alejandría
67%
Bélgica878,702Amberes
67%
Bélgica878,702Amberes
67%
Países Bajos1,114,745Ámsterdam
67%
Turquía5,503,985Ankara
67%
Irak6 719 500Bagdad
67%
Suiza416 740Basilea
67%
Suiza416,740Basilea
67%
Irak1,340,800Basora
67%
Suiza275,667Berna
67%
Suiza275 667Berna
67%
Suiza275 667Berna
67%
Reino Unido2,570,990Birmingham
67%
Reino Unido2,570,990Birmingham
67%
India18,394,912Bombay
67%
India18,394,912Bombay
67%
China10,641,408Cantón
67%
Colombia876,885Cartagena
67%
Colombia876,885Cartagena
67%
Marruecos3,359,818Casablanca
67%
India8,653,521Chennai
67%
Alemania2,452,800Colonia
67%
Argentina1,612,100Córdoba
67%
Polonia771,069Cracovia
67%
Polonia771,069Cracovia
67%
Polonia771,069Cracovia
67%
Polonia771,069Cracovia
67%
India16,349,831Delhi
67%
India16,349,831Delhi
67%
Rusia1,483,119Ekaterimburgo
67%
Egipto20,500,000El Cairo
67%
Turquía4,320,519Esmirna
67%
Turquía15 067 724Estambul
67%
Estados Unidos5,441,567Filadelfia
67%
Alemania1,508,700Fráncfort
67%
Bélgica375,626Gante
67%
Suiza511,749Ginebra
67%
Suiza511,749Ginebra
67%
Suiza511 749Ginebra
67%
Suiza511 749Ginebra
67%
Suiza511,749Ginebra
67%
Reino Unido999,300Glasgow
67%
Suecia642,202Gotemburgo
67%
México4,887,383Guadalajara
67%
Alemania2,474,900Hamburgo
67%
Alemania2,474,900Hamburgo
67%
Alemania2,474,900Hamburgo
67%
Nueva Zelanda165,850Hamilton
67%
Vietnam2 414 621Hanói
67%
Irán1,961,260Isfahan
67%
Sudáfrica7,830,781Johannesburgo
67%
Nigeria4,155,000Kano
67%
Nigeria4,155,000Kano
67%
Nigeria13,745,000Lagos
67%
Nigeria13,745,000Lagos
67%
Nigeria13,745,000Lagos
67%
Países Bajos803,835La Haya
67%
Países Bajos803,835La Haya
67%
Arabia Saudita1 534 731La Meca
67%
Reino Unido1,856,709Leeds
67%
Francia1,043,623Lille
67%
Francia1,659,001Lyon
67%
España1,010,000Málaga
67%
España1 010 000Málaga
67%
España1,010,000Málaga
67%
Suecia317,245Malmö
67%
Marruecos928,850Marrakech
67%
Marruecos928,850Marrakech
67%
Francia1,590,867Marsella
67%
Australia4,196,201Melbourne
67%
México4,689,601Monterrey
67%
Canadá3,519,595Montreal
67%
Canadá3,519,595Montreal
67%
Irak1,361,800Mosul
67%
Alemania1,994,200Múnich
67%
Rusia1,618,039Novosibirsk
67%
Ucrania1,013,159Odesa
67%
Portugal2,162,524Oporto
67%
Portugal2,162,524Oporto
67%
Japón19,302,746Osaka
67%
China16,704,306Pekín
67%
México2,941,988Puebla
67%
Egipto760,152Puerto Saíd
67%
Arabia Saudita5 188 286Riad
67%
Austria228,629Salzburg
67%
Rusia5,383,890San Petersburgo
67%
Japón2,842,151Sapporo
67%
España1,320,000Sevilla
67%
China20,217,748Shanghái
67%
China10,358,381Shenzhen
67%
Egipto740,874Suez
67%
Marruecos947,952Tanger
67%
Irán8,693,706Teherán
67%
Irán8,693,706Teherán
67%
Irán8,693,706Teherán
67%
China9,583,277Tianjin
67%
Francia968,638Tolosa
67%
Francia968,638Tolosa
67%
México2,202,886Toluca
67%
Canadá5,429,524Toronto
67%
Canadá5,429,524Toronto
67%
Italia1,640,000Turín
67%
Países Bajos382,520Utrecht
67%
Canadá2,264,823Vancouver
67%
Canadá2,264,823Vancouver
67%
Nueva Zelanda209,420Wellington
67%
Nueva Zelanda209,420Wellington
67%
Suiza1 099 791Zúrich
67%
Suiza1 099 791Zúrich
67%
Suiza1,099,791Zúrich
67%
Suiza1,099,791Zúrich
67%
Bélgica878,702Amberes
63%
Corea del Sur3,320,292Busan
63%
China10,641,408Cantón
63%
Italia980,000Florencia
63%
Bélgica375,626Gante
63%
Reino Unido999,300Glasgow
63%
Pakistán14,916,456Karachi
63%
Argentina1,053,500Mendoza
63%
Bélgica878,702Amberes
60%
Nueva Zelanda1,402,020Auckland
60%
India8,520,435Bangalore
60%
Colombia1,205,284Barranquilla
60%
Suiza416,740Basilea
60%
Brasil5,944,892Belo Horizonte
60%
Reino Unido2,570,990Birmingham
60%
Australia2,054,616Brisbane
60%
India14,057,991Calcuta
60%
Colombia2,172,527Cali
60%
China10,641,408Cantón
60%
China10,641,408Cantón
60%
Colombia876,885Cartagena
60%
Estados Unidos8,608,208Chicago
60%
Argentina1,612,100Córdoba
60%
Polonia771,069Cracovia
60%
Ucrania998,103Dnipró
60%
Ucrania913,323Donetsk
60%
Ucrania913,323Donetsk
60%
Ucrania913,323Donetsk
60%
Países Bajos298,795Eindhoven
60%
Estados Unidos5,441,567Filadelfia
60%
Italia980,000Florencia
60%
Reino Unido999,300Glasgow
60%
México4,887,383Guadalajara
60%
Vietnam2,414,621Hanói
60%
Irán1,961,260Isfahan
60%
Ucrania1,446,107Járkov
60%
Pakistán14,916,456Karachi
60%
Países Bajos803,835La Haya
60%
Reino Unido1,856,709Leeds
60%
Reino Unido1,856,709Leeds
60%
Francia1,043,623Lille
60%
Austria271,231Linz
60%
Estados Unidos12,150,996Los Ángeles
60%
Irán3,001,184Mashhad
60%
Colombia2,382,399Medellín
60%
Australia4,196,201Melbourne
60%
Argentina1,053,500Mendoza
60%
Estados Unidos5,502,379Miami
60%
México4,689,601Monterrey
60%
Italia4,230,000Nápoles
60%
Ucrania1,013,159Odesa
60%
Argentina1,339,500Rosario
60%
Argentina902,200San Miguel de Tucumán
60%
España1,320,000Sevilla
60%
China10,358,381Shenzhen
60%
Irán1,565,572Shiraz
60%
Francia968,638Tolosa
60%
Francia968,638Tolosa
60%
Italia1,640,000Turín
60%
Italia1,640,000Turín
60%
Países Bajos382,520Utrecht
60%
Arabia Saudita3,430,697Yeda
60%
Suiza416,740Basilea
57%
Brasil5,944,892Belo Horizonte
57%
India18,394,912Bombay
57%
India14,057,991Calcuta
57%
Sudáfrica2,786,046Durban
57%
Países Bajos298,795Eindhoven
57%
Francia1,043,623Lille
57%
Argentina1,053,500Mendoza
57%
Países Bajos829,875Róterdam
57%
Argentina902,200San Miguel de Tucumán
57%
Francia968,638Tolosa
57%
Dinamarca277,086Aarhus
50%
Nigeria2,940,000Abuya
50%
Nigeria2,940,000Abuya
50%
Nigeria2,940,000Abuya
50%
Nigeria2,940,000Abuya
50%
Nigeria2,940,000Abuya
50%
Australia1 165 639Adelaida
50%
Australia1,165,639Adelaida
50%
Australia1,165,639Adelaida
50%
Australia1,165,639Adelaida
50%
Egipto5,107,530Alejandría
50%
Egipto5,107,530Alejandría
50%
Portugal175,136Amadora
50%
Turquía2,426,356Antalya
50%
Indonesia2,394,873Bandung
50%
Indonesia2 394 873Bandung
50%
India8,520,435Bangalore
50%
Colombia1,205,284Barranquilla
50%
Colombia1,205,284Barranquilla
50%
Colombia1,205,284Barranquilla
50%
Suiza416,740Basilea
50%
Suiza416,740Basilea
50%
Irak1,340,800Basora
50%
Irak1,340,800Basora
50%
Irak1,340,800Basora
50%
Irak1,340,800Basora
50%
Irak1,340,800Basora
50%
Brasil5,944,892Belo Horizonte
50%
Brasil5,944,892Belo Horizonte
50%
Reino Unido2,570,990Birmingham
50%
Colombia7 387 400Bogotá
50%
India18,394,912Bombay
50%
India18,394,912Bombay
50%
Portugal181,494Braga
50%
Portugal181,494Braga
50%
Portugal181,494Braga
50%
Portugal181,494Braga
50%
Brasil4,406,341Brasilia
50%
Australia2,054,616Brisbane
50%
Australia2 054 616Brisbane
50%
Australia2,054,616Brisbane
50%
Turquía2,994,521Bursa
50%
Corea del Sur3 320 292Busan
50%
Corea del Sur3,320,292Busan
50%
Corea del Sur3,320,292Busan
50%
Corea del Sur3,320,292Busan
50%
India14,057,991Calcuta
50%
India14,057,991Calcuta
50%
Canadá1,237,656Calgary
50%
Colombia2 172 527Cali
50%
Colombia2,172,527Cali
50%
Colombia2,172,527Cali
50%
Vietnam731,545Can Tho
50%
China10,641,408Cantón
50%
Colombia876,885Cartagena
50%
Colombia876 885Cartagena
50%
Marruecos3,359,818Casablanca
50%
Marruecos3,359,818Casablanca
50%
India8,653,521Chennai
50%
Estados Unidos8,608,208Chicago
50%
Estados Unidos8,608,208Chicago
50%
Sudáfrica3,430,992Ciudad del Cabo
50%
México20 892 724Ciudad de México
50%
Vietnam5,880,615Ciudad Ho Chi Minh
50%
Vietnam5 880 615Ciudad Ho Chi Minh
50%
Alemania2,452,800Colonia
50%
Alemania2,452,800Colonia
50%
Alemania2 452 800Colonia
50%
Alemania2,452,800Colonia
50%
Dinamarca1,320,629Copenhague
50%
Argentina1,612,100Córdoba
50%
Argentina1,612,100Córdoba
50%
Polonia771 069Cracovia
50%
Polonia771,069Cracovia
50%
Corea del Sur2,233,457Daegu
50%
Corea del Sur2,233,457Daegu
50%
Corea del Sur1,508,120Daejeon
50%
Corea del Sur1,508,120Daejeon
50%
Vietnam770,911Da Nang
50%
India16,349,831Delhi
50%
India16 349 831Delhi
50%
Ucrania913,323Donetsk
50%
Sudáfrica2,786,046Durban
50%
Países Bajos298,795Eindhoven
50%
Rusia1,483,119Ekaterimburgo
50%
Rusia1,483,119Ekaterimburgo
50%
Irak879,000Erbil
50%
Irak879,000Erbil
50%
Irak879,000Erbil
50%
Turquía4,320,519Esmirna
50%
Marruecos1,112,072Fez
50%
Marruecos1,112,072Fez
50%
Marruecos1,112,072Fez
50%
Marruecos1,112,072Fez
50%
Marruecos1,112,072Fez
50%
Estados Unidos5,441,567Filadelfia
50%
Alemania1 508 700Fráncfort
50%
Alemania1,508,700Fráncfort
50%
Japón5,538,142Fukuoka
50%
Bélgica375 626Gante
50%
Suiza511,749Ginebra
50%
Suiza511,749Ginebra
50%
Suiza511,749Ginebra
50%
Reino Unido999,300Glasgow
50%
Reino Unido999,300Glasgow
50%
Suecia642,202Gotemburgo
50%
Suecia642,202Gotemburgo
50%
Austria344,782Graz
50%
Austria344,782Graz
50%
Austria344 782Graz
50%
México4 887 383Guadalajara
50%
Vietnam769,739Haiphong
50%
Alemania2,474,900Hamburgo
50%
Nueva Zelanda165,850Hamilton
50%
Vietnam2,414,621Hanói
50%
Vietnam2,414,621Hanói
50%
Nigeria3,160,000Ibadán
50%
Corea del Sur2,931,558Incheon
50%
Corea del Sur2,931,558Incheon
50%
Corea del Sur2 931 558Incheon
50%
Austria228 525Innsbruck
50%
Austria228,525Innsbruck
50%
Austria228,525Innsbruck
50%
Irán1,961,260Isfahan
50%
Sudáfrica7 830 781Johannesburgo
50%
Nigeria4 155 000Kano
50%
Nigeria4,155,000Kano
50%
Nigeria4,155,000Kano
50%
Pakistán14 916 456Karachi
50%
Ucrania2,950,819Kiev
50%
Irak972,300Kirkuk
50%
Irak972,300Kirkuk
50%
Irak972,300Kirkuk
50%
Nigeria13,745,000Lagos
50%
Nigeria13,745,000Lagos
50%
Países Bajos803,835La Haya
50%
Países Bajos803 335La Haya
50%
Arabia Saudita1,534,731La Meca
50%
Arabia Saudita1 534 731La Meca
50%
Arabia Saudita1,534,731La Meca
50%
Arabia Saudita1,534,731La Meca
50%
Suiza302,348Lausana
50%
Suiza302,348Lausana
50%
Reino Unido1,856,709Leeds
50%
Bélgica500,939Lieja
50%
Bélgica500 939Lieja
50%
Bélgica500,939Lieja
50%
Francia1 043 623Lille
50%
Francia1,043,623Lille
50%
Francia1,043,623Lille
50%
Francia1,043,623Lille
50%
Austria271,231Linz
50%
Estados Unidos12,150,996Los Ángeles
50%
Francia1 659 001Lyon
50%
Marruecos928,850Marrakech
50%
Marruecos928,850Marrakech
50%
Marruecos928,850Marrakech
50%
Marruecos928,850Marrakech
50%
Francia1 590 867Marsella
50%
Indonesia2,097,610Medan
50%
Colombia2,382,399Medellín
50%
Colombia2 382 399Medellín
50%
Arabia Saudita1,100,093Medina
50%
Arabia Saudita1,100,093Medina
50%
Arabia Saudita1,100,093Medina
50%
Australia4,196,201Melbourne
50%
Argentina1,053,500Mendoza
50%
Argentina1,053,500Mendoza
50%
Argentina1 053 500Mendoza
50%
Argentina1,053,500Mendoza
50%
Estados Unidos5,502,379Miami
50%
México4,689,601Monterrey
50%
México4 689 601Monterrey
50%
México4,689,601Monterrey
50%
Canadá3,519,595Montreal
50%
Irak1,361,800Mosul
50%
Irak1,361,800Mosul
50%
Irak1,361,800Mosul
50%
Irak1,361,800Mosul
50%
Alemania1,994,200Múnich
50%
Alemania1,994,200Múnich
50%
Alemania1,994,200Múnich
50%
Japón9,363,221Nagoya
50%
Rusia1,253,511Nizhni Nóvgorod
50%
Rusia1,253,511Nizhni Nóvgorod
50%
Estados Unidos18,351,295Nueva York
50%
Ucrania1 013 159Odesa
50%
Francia10 784 830París
50%
Australia1,874,577Perth
50%
Nigeria2,075,000Port Harcourt
50%
Nigeria2 075 000Port Harcourt
50%
Nigeria2,075,000Port Harcourt
50%
México2 941 988Puebla
50%
México2,941,988Puebla
50%
México2,941,988Puebla
50%
Sudáfrica876,436Puerto Elizabeth
50%
Arabia Saudita5 188 286Riad
50%
Arabia Saudita5,188,286Riad
50%
Argentina1,339,500Rosario
50%
Argentina1 339 500Rosario
50%
Argentina1,339,500Rosario
50%
Argentina1 339 500Rosario
50%
Austria228,629Salzburg
50%
Rusia5,383,890San Petersburgo
50%
Brasil21,734,682São Paulo
50%
Japón2,842,151Sapporo
50%
Japón2,842,151Sapporo
50%
China10,358,381Shenzhen
50%
China10,358,381Shenzhen
50%
Egipto740,874Suez
50%
Egipto740,874Suez
50%
Indonesia2,765,487Surabaya
50%
Marruecos947,952Tanger
50%
Marruecos947,952Tanger
50%
Nueva Zelanda144,670Tauranga
50%
China9,583,277Tianjin
50%
Francia968 638Tolosa
50%
Francia968,638Tolosa
50%
Francia968,638Tolosa
50%
México2 202 886Toluca
50%
México2,202,886Toluca
50%
México2,202,886Toluca
50%
Canadá5,429,524Toronto
50%
Italia1,640,000Turín
50%
Suecia162 089Uppsala
50%
Suecia162,089Uppsala
50%
Suecia162,089Uppsala
50%
Países Bajos382 520Utrecht
50%
Países Bajos382,520Utrecht
50%
Canadá2,264,823Vancouver
50%
Portugal302,295Vila Nove de Gaia
50%
Indonesia9,586,705Yakarta
50%
Indonesia9,586,705Yakarta
50%
Arabia Saudita3,430,697Yeda
50%
Suiza1,099,791Zúrich
50%
Suiza1,099,791Zúrich
50%
Dinamarca277,086Aarhus
43%
Brasil5,944,892Belo Horizonte
43%
Países Bajos803,835La Haya
43%
Suiza302,348Lausana
43%
Polonia685,285Lodz
43%
Dinamarca179,601Odense
43%
Brasil4,256,800Porto Alegre
43%
Polonia536,438Poznan
43%
Sudáfrica876,436Puerto Elizabeth
43%
China9,583,277Tianjin
43%
Dinamarca115,908Aalborg
40%
Dinamarca277,086Aarhus
40%
Dinamarca277,086Aarhus
40%
Australia1,165,639Adelaida
40%
Australia1,165,639Adelaida
40%
Portugal175,136Amadora
40%
Turquía2,426,356Antalya
40%
India18,394,912Bombay
40%
India18,394,912Bombay
40%
India14,057,991Calcuta
40%
India8,653,521Chennai
40%
Nueva Zelanda374,100Christchurch
40%
Vietnam5,880,615Ciudad Ho Chi Minh
40%
Ucrania998,103Dnipró
40%
Sudáfrica2,786,046Durban
40%
Turquía4,320,519Esmirna
40%
Pakistán3,204,726Faisalabad
40%
Estados Unidos5,441,567Filadelfia
40%
Estados Unidos5,441,567Filadelfia
40%
Japón5,538,142Fukuoka
40%
Reino Unido999,300Glasgow
40%
Austria228,525Innsbruck
40%
Nigeria4,155,000Kano
40%
Pakistán14,916,456Karachi
40%
Pakistán14,916,456Karachi
40%
Irán1,592,492Karaj
40%
Países Bajos803,835La Haya
40%
Pakistán11,126,285Lahore
40%
Reino Unido1,856,709Leeds
40%
Japón9,363,221Nagoya
40%
Dinamarca179,601Odense
40%
Australia1,874,577Perth
40%
Brasil4,256,800Porto Alegre
40%
Polonia536,438Poznan
40%
Sudáfrica876,436Puerto Elizabeth
40%
Japón2,842,151Sapporo
40%
España1,320,000Sevilla
40%
Italia1,640,000Turín
40%
Pakistán11,126,285Lahore
38%
Dinamarca115 908Aalborg
33%
Dinamarca277 086Aarhus
33%
Australia1,165,639Adelaida
33%
Egipto5,107,530Alejandría
33%
Bélgica878,702Amberes
33%
Turquía2,426,356Antalya
33%
Turquía2 426 356Antalya
33%
Turquía2,426,356Antalya
33%
Nueva Zelanda1,402,020Auckland
33%
Nueva Zelanda1,402,020Auckland
33%
India8,520,435Bangalore
33%
India8,520,435Bangalore
33%
Colombia1,205,284Barranquilla
33%
Suiza416,740Basilea
33%
Suiza416 740Basilea
33%
Irak1 340 800Basora
33%
Australia2,054,616Brisbane
33%
Australia2,054,616Brisbane
33%
Turquía2 994 521Bursa
33%
Turquía2,994,521Bursa
33%
Turquía2,994,521Bursa
33%
India14,057,991Calcuta
33%
Canadá1,237,656Calgary
33%
Canadá1,237,656Calgary
33%
Canadá1,237,656Calgary
33%
China10,641,408Cantón
33%
Bélgica290,897Charleroi
33%
Bélgica290,897Charleroi
33%
India8,653,521Chennai
33%
Nueva Zelanda374,100Christchurch
33%
Nueva Zelanda374,100Christchurch
33%
México20,892,724Ciudad de México
33%
Vietnam5 880 615Ciudad Ho Chi Minh
33%
Alemania2,452,800Colonia
33%
Arabia Saudita903 312Dammam
33%
Arabia Saudita903,312Dammam
33%
Ucrania913,323Donetsk
33%
Sudáfrica2,786,046Durban
33%
Sudáfrica2,786,046Durban
33%
Canadá1,062,643Edmonton
33%
Canadá1,062,643Edmonton
33%
Canadá1,062,643Edmonton
33%
Países Bajos298,795Eindhoven
33%
Egipto570,271El Mansura
33%
Irak879 000Erbil
33%
Irak879,000Erbil
33%
Turquía4 320 519Esmirna
33%
Turquía4,320,519Esmirna
33%
Marruecos1,112,072Fez
33%
Marruecos1,112,072Fez
33%
Marruecos1,112,072Fez
33%
Estados Unidos5,441,567Filadelfia
33%
Alemania1,508,700Fráncfort
33%
Alemania1,508,700Fráncfort
33%
Japón5,538,142Fukuoka
33%
Bélgica375,626Gante
33%
Suecia642,202Gotemburgo
33%
Austria344,782Graz
33%
Austria344,782Graz
33%
Nigeria3,160,000Ibadán
33%
Nigeria3,160,000Ibadán
33%
Nigeria3,160,000Ibadán
33%
Nigeria4,155,000Kano
33%
Irak972 300Kirkuk
33%
Irak972,300Kirkuk
33%
Suiza302,348Lausana
33%
Suiza302,348Lausana
33%
Bélgica500,939Lieja
33%
Bélgica500,939Lieja
33%
Bélgica500,939Lieja
33%
Francia1,043,623Lille
33%
Francia1,043,623Lille
33%
Austria271,231Linz
33%
Suecia317,245Malmö
33%
Marruecos928,850Marrakech
33%
Irán3,001,184Mashhad
33%
Irán3,001,184Mashhad
33%
Arabia Saudita1 100 093Medina
33%
Arabia Saudita1,100,093Medina
33%
Australia4,196,201Melbourne
33%
Irak1 361 800Mosul
33%
Japón9,363,221Nagoya
33%
Rusia1,253,511Nizhni Nóvgorod
33%
Rusia1,253,511Nizhni Nóvgorod
33%
Rusia1,618,039Novosibirsk
33%
Dinamarca179 601Odense
33%
Australia1,874,577Perth
33%
Australia1,874,577Perth
33%
Nigeria2,075,000Port Harcourt
33%
Nigeria2,075,000Port Harcourt
33%
Nigeria2,075,000Port Harcourt
33%
Polonia536,438Poznan
33%
Polonia536,438Poznan
33%
Polonia536,438Poznan
33%
Sudáfrica876,436Puerto Elizabeth
33%
Egipto760,152Puerto Saíd
33%
Argentina1,339,500Rosario
33%
Países Bajos829,875Róterdam
33%
Países Bajos829,875Róterdam
33%
Países Bajos829,875Róterdam
33%
Austria228,629Salzburg
33%
Japón2,842,151Sapporo
33%
Japón2,842,151Sapporo
33%
España1,320,000Sevilla
33%
Irán1,565,572Shiraz
33%
Egipto740,874Suez
33%
Egipto740,874Suez
33%
Marruecos947,952Tanger
33%
Nueva Zelanda144,670Tauranga
33%
China9,583,277Tianjin
33%
México2,202,886Toluca
33%
Canadá5,429,524Toronto
33%
Canadá5,429,524Toronto
33%
Suecia162,089Uppsala
33%
Suecia162,089Uppsala
33%
Países Bajos382,520Utrecht
33%
Países Bajos382,520Utrecht
33%
Canadá2,264,823Vancouver
33%
Canadá2,264,823Vancouver
33%
Suecia126,190Västerås
33%
Indonesia9,586,705Yakarta
33%
Arabia Saudita3,430,697Yeda
33%
Arabia Saudita3 430 697Yeda
33%
Dinamarca115,908Aalborg
29%
Turquía2,426,356Antalya
29%
India8,520,435Bangalore
29%
Polonia640,648Breslavia
29%
Turquía2,994,521Bursa
29%
India8,653,521Chennai
29%
Turquía4,320,519Esmirna
29%
Japón5,538,142Fukuoka
29%
China10,358,381Shenzhen
29%
Países Bajos382,520Utrecht
29%
Nigeria2,940,000Abuya
25%
Colombia1 205 284Barranquilla
25%
Portugal181 494Braga
25%
Canadá1 237 656Calgary
25%
China10,641,408Cantón
25%
China10 641 408Cantón
25%
Bélgica290,897Charleroi
25%
Nueva Zelanda374,100Christchurch
25%
Corea del Sur2,233,457Daegu
25%
Corea del Sur2 233 457Daegu
25%
Corea del Sur1 508 120Daejeon
25%
Arabia Saudita903,312Dammam
25%
Arabia Saudita903 312Dammam
25%
Canadá1 062 643Edmonton
25%
Rusia1,483,119Ekaterimburgo
25%
Suiza511,749Ginebra
25%
Suecia642 202Gotemburgo
25%
Nueva Zelanda165,850Hamilton
25%
Nigeria3 160 000Ibadán
25%
Corea del Sur2,931,558Incheon
25%
Irak972,300Kirkuk
25%
Pakistán11 126 285Lahore
25%
Reino Unido1,856,709Leeds
25%
Arabia Saudita1 100 093Medina
25%
Rusia1 618 039Novosibirsk
25%
Rusia1,618,039Novosibirsk
25%
Brasil4,256,800Porto Alegre
25%
Polonia536,438Poznan
25%
Argentina902,200San Miguel de Tucumán
25%
China20 217 748Shanghái
25%
China10 358 381Shenzhen
25%
Irán1,565,572Shiraz
25%
Egipto740,874Suez
25%
Egipto740 874Suez
25%
Marruecos947,952Tanger
25%
Nueva Zelanda144,670Tauranga
25%
China9 583 277Tianjin
25%
China9,583,277Tianjin
25%
Suecia126,190Västerås
25%
Arabia Saudita3 430 697Yeda
25%
Dinamarca115,908Aalborg
20%
India8,520,435Bangalore
20%
Australia2,054,616Brisbane
20%
Turquía2,994,521Bursa
20%
Vietnam731,545Can Tho
20%
China10,641,408Cantón
20%
Arabia Saudita903,312Dammam
20%
Vietnam770,911Da Nang
20%
Ucrania998,103Dnipró
20%
Ucrania998,103Dnipró
20%
Ucrania913,323Donetsk
20%
Países Bajos298,795Eindhoven
20%
Rusia1,483,119Ekaterimburgo
20%
Austria344,782Graz
20%
Vietnam769,739Haiphong
20%
Nueva Zelanda165,850Hamilton
20%
Ucrania1,446,107Járkov
20%
Ucrania1,446,107Járkov
20%
Pakistán14,916,456Karachi
20%
Pakistán11,126,285Lahore
20%
Bélgica500,939Lieja
20%
Polonia685,285Lodz
20%
Dinamarca179,601Odense
20%
Dinamarca179,601Odense
20%
Ucrania1,013,159Odesa
20%
Ucrania1,013,159Odesa
20%
Nigeria2,075,000Port Harcourt
20%
México2,941,988Puebla
20%
Países Bajos829,875Róterdam
20%
Argentina902,200San Miguel de Tucumán
20%
China9,583,277Tianjin
20%
México2,202,886Toluca
20%
Portugal175,136Amadora
17%
Suiza416,740Basilea
17%
Vietnam5,880,615Ciudad Ho Chi Minh
17%
Países Bajos298,795Eindhoven
17%
Estados Unidos5,441,567Filadelfia
17%
Suecia642,202Gotemburgo
17%
Pakistán14,916,456Karachi
17%
Irán1,592,492Karaj
17%
Reino Unido1,856,709Leeds
17%
Irán3,001,184Mashhad
17%
Argentina1,053,500Mendoza
17%
Egipto740,874Suez
17%
Francia968,638Tolosa
17%
Suecia162,089Uppsala
17%
Suecia126,190Västerås
17%
Polonia640,648Breslavia
14%
Dinamarca72,168Esbjerg
14%
Pakistán3,204,726Faisalabad
14%
Polonia685,285Lodz
14%
Brasil4,256,800Porto Alegre
14%
Polonia536,438Poznan
14%
Pakistán3,204,726Faisalabad
13%
China9,583,277Tianjin
13%
Suecia162,089Uppsala
13%
Dinamarca115,908Aalborg
0%
Dinamarca115,908Aalborg
0%
Dinamarca115,908Aalborg
0%
Dinamarca115,908Aalborg
0%
Dinamarca115,908Aalborg
0%
Dinamarca277,086Aarhus
0%
Dinamarca277,086Aarhus
0%
Dinamarca277,086Aarhus
0%
Dinamarca277,086Aarhus
0%
Australia1,165,639Adelaida
0%
Australia1,165,639Adelaida
0%
Egipto5,107,530Alejandría
0%
Portugal175,136Amadora
0%
Portugal175,136Amadora
0%
Portugal175,136Amadora
0%
Portugal175,136Amadora
0%
Portugal175 136Amadora
0%
Portugal175,136Amadora
0%
Portugal175,136Amadora
0%
Portugal175 136Amadora
0%
Bélgica878,702Amberes
0%
Turquía2,426,356Antalya
0%
Turquía2,426,356Antalya
0%
Turquía2,426,356Antalya
0%
Irak6,719,500Bagdad
0%
Irak6,719,500Bagdad
0%
Indonesia2 394 873Bandung
0%
Indonesia2,394,873Bandung
0%
Indonesia2,394,873Bandung
0%
Indonesia2 394 873Bandung
0%
Indonesia2 394 873Bandung
0%
Indonesia2,394,873Bandung
0%
Indonesia2,394,873Bandung
0%
Indonesia2,394,873Bandung
0%
Indonesia2,394,873Bandung
0%
Indonesia2,394,873Bandung
0%
India8,520,435Bangalore
0%
India8 520 435Bangalore
0%
India8,520,435Bangalore
0%
India8,520,435Bangalore
0%
España4,730,000Barcelona
0%
Suiza416 740Basilea
0%
Suiza416,740Basilea
0%
Suiza416,740Basilea
0%
Suiza416,740Basilea
0%
Irak1,340,800Basora
0%
Irak1,340,800Basora
0%
Indonesia2,334,871Bekasi
0%
Indonesia2 334 871Bekasi
0%
Indonesia2,334,871Bekasi
0%
Indonesia2,334,871Bekasi
0%
Indonesia2,334,871Bekasi
0%
Indonesia2 334 871Bekasi
0%
Indonesia2 334 871Bekasi
0%
Indonesia2,334,871Bekasi
0%
Indonesia2,334,871Bekasi
0%
Indonesia2 334 871Bekasi
0%
Indonesia2,334,871Bekasi
0%
Indonesia2,334,871Bekasi
0%
Brasil5,944,892Belo Horizonte
0%
Brasil5 944 892Belo Horizonte
0%
Brasil5,944,892Belo Horizonte
0%
Brasil5,944,892Belo Horizonte
0%
Brasil5,944,892Belo Horizonte
0%
India18,394,912Bombay
0%
Portugal181,494Braga
0%
Portugal181,494Braga
0%
Portugal181 494Braga
0%
Brasil4,406,341Brasilia
0%
Polonia640,648Breslavia
0%
Polonia640,648Breslavia
0%
Polonia640,648Breslavia
0%
Polonia640,648Breslavia
0%
Polonia640,648Breslavia
0%
Polonia640 648Breslavia
0%
Polonia640,648Breslavia
0%
Australia2,054,616Brisbane
0%
Australia2,054,616Brisbane
0%
Argentina15,172,700Buenos Aires
0%
Turquía2,994,521Bursa
0%
Turquía2,994,521Bursa
0%
Turquía2,994,521Bursa
0%
Corea del Sur3,320,292Busan
0%
Corea del Sur3,320,292Busan
0%
Corea del Sur3,320,292Busan
0%
Corea del Sur3,320,292Busan
0%
Canadá1,237,656Calgary
0%
Canadá1,237,656Calgary
0%
Canadá1,237,656Calgary
0%
Canadá1,237,656Calgary
0%
Vietnam731,545Can Tho
0%
Vietnam731,545Can Tho
0%
Vietnam731,545Can Tho
0%
Vietnam731,545Can Tho
0%
Vietnam731 545Can Tho
0%
Vietnam731 545Can Tho
0%
Vietnam731,545Can Tho
0%
Colombia876,885Cartagena
0%
Marruecos3,359,818Casablanca
0%
Marruecos3,359,818Casablanca
0%
Bélgica290 897Charleroi
0%
Bélgica290,897Charleroi
0%
Bélgica290,897Charleroi
0%
Bélgica290,897Charleroi
0%
Bélgica290,897Charleroi
0%
Bélgica290 897Charleroi
0%
Bélgica290,897Charleroi
0%
India8 653 521Chennai
0%
India8,653,521Chennai
0%
India8,653,521Chennai
0%
India8,653,521Chennai
0%
India8,653,521Chennai
0%
Nueva Zelanda374,100Christchurch
0%
Nueva Zelanda374,100Christchurch
0%
Nueva Zelanda374,100Christchurch
0%
Nueva Zelanda374 100Christchurch
0%
México20,892,724Ciudad de México
0%
Vietnam5,880,615Ciudad Ho Chi Minh
0%
Vietnam5,880,615Ciudad Ho Chi Minh
0%
Vietnam5,880,615Ciudad Ho Chi Minh
0%
Vietnam5,880,615Ciudad Ho Chi Minh
0%
Argentina1,612,100Córdoba
0%
Corea del Sur2,233,457Daegu
0%
Corea del Sur2,233,457Daegu
0%
Corea del Sur2,233,457Daegu
0%
Corea del Sur2,233,457Daegu
0%
Corea del Sur2,233,457Daegu
0%
Corea del Sur2,233,457Daegu
0%
Corea del Sur1,508,120Daejeon
0%
Corea del Sur1,508,120Daejeon
0%
Corea del Sur1,508,120Daejeon
0%
Corea del Sur1,508,120Daejeon
0%
Corea del Sur1,508,120Daejeon
0%
Corea del Sur1,508,120Daejeon
0%
Corea del Sur1,508,120Daejeon
0%
Arabia Saudita903,312Dammam
0%
Arabia Saudita903,312Dammam
0%
Arabia Saudita903,312Dammam
0%
Arabia Saudita903,312Dammam
0%
Arabia Saudita903,312Dammam
0%
Vietnam770 911Da Nang
0%
Vietnam770,911Da Nang
0%
Vietnam770,911Da Nang
0%
Vietnam770,911Da Nang
0%
Vietnam770,911Da Nang
0%
Vietnam770,911Da Nang
0%
Vietnam770 911Da Nang
0%
Ucrania998 103Dnipró
0%
Ucrania998,103Dnipró
0%
Ucrania998,103Dnipró
0%
Ucrania998,103Dnipró
0%
Ucrania998,103Dnipró
0%
Ucrania998,103Dnipró
0%
Ucrania913,323Donetsk
0%
Ucrania913,323Donetsk
0%
Ucrania913 323Donetsk
0%
Ucrania913,323Donetsk
0%
Sudáfrica2,786,046Durban
0%
Sudáfrica2 786 046Durban
0%
Sudáfrica2 786 046Durban
0%
Sudáfrica2,786,046Durban
0%
Sudáfrica2,786,046Durban
0%
Canadá1,062,643Edmonton
0%
Canadá1,062,643Edmonton
0%
Canadá1,062,643Edmonton
0%
Canadá1,062,643Edmonton
0%
Canadá1,062,643Edmonton
0%
Países Bajos298,795Eindhoven
0%
Países Bajos298,795Eindhoven
0%
Países Bajos298,795Eindhoven
0%
Países Bajos298,795Eindhoven
0%
Rusia1,483,119Ekaterimburgo
0%
Rusia1,483,119Ekaterimburgo
0%
Rusia1,483,119Ekaterimburgo
0%
Rusia1,483,119Ekaterimburgo
0%
Rusia1,483,119Ekaterimburgo
0%
Rusia1,483,119Ekaterimburgo
0%
Rusia1 483 119Ekaterimburgo
0%
Egipto570,271El Mansura
0%
Egipto570 271El Mansura
0%
Egipto570,271El Mansura
0%
Egipto570,271El Mansura
0%
Egipto570,271El Mansura
0%
Egipto570,271El Mansura
0%
Egipto570,271El Mansura
0%
Egipto570,271El Mansura
0%
Irak879,000Erbil
0%
Irak879,000Erbil
0%
Irak879,000Erbil
0%
Dinamarca72,168Esbjerg
0%
Dinamarca72,168Esbjerg
0%
Dinamarca72,168Esbjerg
0%
Dinamarca72,168Esbjerg
0%
Dinamarca72,168Esbjerg
0%
Dinamarca72,168Esbjerg
0%
Dinamarca72,168Esbjerg
0%
Dinamarca72,168Esbjerg
0%
Dinamarca72 168Esbjerg
0%
Turquía4,320,519Esmirna
0%
Turquía4,320,519Esmirna
0%
Turquía4,320,519Esmirna
0%
Pakistán3,204,726Faisalabad
0%
Pakistán3 204 726Faisalabad
0%
Pakistán3 204 726Faisalabad
0%
Pakistán3,204,726Faisalabad
0%
Pakistán3,204,726Faisalabad
0%
Pakistán3,204,726Faisalabad
0%
Pakistán3,204,726Faisalabad
0%
Marruecos1,112,072Fez
0%
Marruecos1 112 072Fez
0%
Marruecos1,112,072Fez
0%
Estados Unidos5,441,567Filadelfia
0%
Estados Unidos5,441,567Filadelfia
0%
Estados Unidos5 441 567Filadelfia
0%
Estados Unidos5,441,567Filadelfia
0%
Alemania1,508,700Fráncfort
0%
Japón5,538,142Fukuoka
0%
Japón5,538,142Fukuoka
0%
Japón5,538,142Fukuoka
0%
Japón5,538,142Fukuoka
0%
Bélgica375,626Gante
0%
Bélgica375,626Gante
0%
Suiza511,749Ginebra
0%
Suecia642,202Gotemburgo
0%
Austria344,782Graz
0%
México4,887,383Guadalajara
0%
México4,887,383Guadalajara
0%
México4,887,383Guadalajara
0%
Pakistán2,027,001Gujranwala
0%
Pakistán2,027,001Gujranwala
0%
Pakistán2 027 001Gujranwala
0%
Pakistán2,027,001Gujranwala
0%
Pakistán2 027 001Gujranwala
0%
Pakistán2,027,001Gujranwala
0%
Pakistán2,027,001Gujranwala
0%
Pakistán2,027,001Gujranwala
0%
Pakistán2,027,001Gujranwala
0%
Pakistán2,027,001Gujranwala
0%
Vietnam769 739Haiphong
0%
Vietnam769,739Haiphong
0%
Vietnam769 739Haiphong
0%
Vietnam769,739Haiphong
0%
Vietnam769,739Haiphong
0%
Vietnam769,739Haiphong
0%
Vietnam769,739Haiphong
0%
Nueva Zelanda165,850Hamilton
0%
Nueva Zelanda165,850Hamilton
0%
Nueva Zelanda165,850Hamilton
0%
Nueva Zelanda165 850Hamilton
0%
Nueva Zelanda165,850Hamilton
0%
Nueva Zelanda165,850Hamilton
0%
Vietnam2,414,621Hanói
0%
Nigeria3,160,000Ibadán
0%
Nigeria3,160,000Ibadán
0%
Nigeria3,160,000Ibadán
0%
Nigeria3,160,000Ibadán
0%
Nigeria3,160,000Ibadán
0%
Nigeria3,160,000Ibadán
0%
Nigeria3,160,000Ibadán
0%
Corea del Sur2,931,558Incheon
0%
Corea del Sur2,931,558Incheon
0%
Corea del Sur2,931,558Incheon
0%
Corea del Sur2,931,558Incheon
0%
Corea del Sur2,931,558Incheon
0%
Corea del Sur2,931,558Incheon
0%
Austria228,525Innsbruck
0%
Austria228,525Innsbruck
0%
Austria228,525Innsbruck
0%
Irán1,961,260Isfahan
0%
Irán1,961,260Isfahan
0%
Irán1,961,260Isfahan
0%
Irán1,961,260Isfahan
0%
Irán1,961,260Isfahan
0%
Irán1,961,260Isfahan
0%
Ucrania1,446,107Járkov
0%
Ucrania1,446,107Járkov
0%
Ucrania1,446,107Járkov
0%
Ucrania1,446,107Járkov
0%
Ucrania1,446,107Járkov
0%
Ucrania1 446 107Járkov
0%
Sudáfrica7,830,781Johannesburgo
0%
Nigeria4,155,000Kano
0%
Nigeria4,155,000Kano
0%
Nigeria4,155,000Kano
0%
Nigeria4,155,000Kano
0%
Pakistán14 916 456Karachi
0%
Irán1,592,492Karaj
0%
Irán1,592,492Karaj
0%
Irán1,592,492Karaj
0%
Irán1,592,492Karaj
0%
Irán1,592,492Karaj
0%
Irán1,592,492Karaj
0%
Irán1,592,492Karaj
0%
Irak972,300Kirkuk
0%
Irak972,300Kirkuk
0%
Irak972,300Kirkuk
0%
Nigeria13,745,000Lagos
0%
Países Bajos803,835La Haya
0%
Pakistán11,126,285Lahore
0%
Pakistán11,126,285Lahore
0%
Pakistán11,126,285Lahore
0%
Pakistán11 126 285Lahore
0%
Pakistán11,126,285Lahore
0%
Arabia Saudita1,534,731La Meca
0%
Arabia Saudita1,534,731La Meca
0%
Suiza302 348Lausana
0%
Suiza302,348Lausana
0%
Suiza302,348Lausana
0%
Suiza302,348Lausana
0%
Suiza302 348Lausana
0%
Suiza302,348Lausana
0%
Suiza302 348Lausana
0%
Suiza302,348Lausana
0%
Bélgica500,939Lieja
0%
Bélgica500,939Lieja
0%
Francia1,043,623Lille
0%
Francia1,043,623Lille
0%
Austria271,231Linz
0%
Austria271,231Linz
0%
Austria271,231Linz
0%
Austria271 231Linz
0%
Polonia685,285Lodz
0%
Polonia685,285Lodz
0%
Polonia685,285Lodz
0%
Polonia685,285Lodz
0%
Polonia685,285Lodz
0%
Polonia685 285Lodz
0%
Francia1,659,001Lyon
0%
España6,450,000Madrid
0%
España1,010,000Málaga
0%
Suecia317,245Malmö
0%
Marruecos928,850Marrakech
0%
Marruecos928 850Marrakech
0%
Francia1,590,867Marsella
0%
Irán3,001,184Mashhad
0%
Irán3,001,184Mashhad
0%
Irán3,001,184Mashhad
0%
Irán3,001,184Mashhad
0%
Irán3,001,184Mashhad
0%
Indonesia2,097,610Medan
0%
Indonesia2,097,610Medan
0%
Indonesia2,097,610Medan
0%
Indonesia2,097,610Medan
0%
Indonesia2,097,610Medan
0%
Indonesia2,097,610Medan
0%
Indonesia2 097 610Medan
0%
Indonesia2,097,610Medan
0%
Indonesia2 097 610Medan
0%
Indonesia2 097 610Medan
0%
Arabia Saudita1,100,093Medina
0%
Arabia Saudita1,100,093Medina
0%
Arabia Saudita1,100,093Medina
0%
Australia4,196,201Melbourne
0%
Argentina1,053,500Mendoza
0%
Argentina1,053,500Mendoza
0%
Argentina1 053 500Mendoza
0%
México4,689,601Monterrey
0%
México4,689,601Monterrey
0%
México4,689,601Monterrey
0%
México4,689,601Monterrey
0%
Canadá3,519,595Montreal
0%
Canadá3,519,595Montreal
0%
Rusia12,432,531Moscú
0%
Irak1,361,800Mosul
0%
Irak1,361,800Mosul
0%
Japón9,363,221Nagoya
0%
Japón9,363,221Nagoya
0%
Rusia1,253,511Nizhni Nóvgorod
0%
Rusia1,253,511Nizhni Nóvgorod
0%
Rusia1,253,511Nizhni Nóvgorod
0%
Rusia1,253,511Nizhni Nóvgorod
0%
Rusia1 253 511Nizhni Nóvgorod
0%
Rusia1,253,511Nizhni Nóvgorod
0%
Rusia1,253,511Nizhni Nóvgorod
0%
Rusia1,253,511Nizhni Nóvgorod
0%
Rusia1,618,039Novosibirsk
0%
Rusia1,618,039Novosibirsk
0%
Rusia1,618,039Novosibirsk
0%
Rusia1,618,039Novosibirsk
0%
Rusia1,618,039Novosibirsk
0%
Rusia1,618,039Novosibirsk
0%
Rusia1,618,039Novosibirsk
0%
Rusia1,618,039Novosibirsk
0%
Dinamarca179,601Odense
0%
Dinamarca179,601Odense
0%
Dinamarca179,601Odense
0%
Dinamarca179,601Odense
0%
Dinamarca179,601Odense
0%
Ucrania1,013,159Odesa
0%
Ucrania1,013,159Odesa
0%
Ucrania1,013,159Odesa
0%
Japón19,302,746Osaka
0%
Francia10,784,830París
0%
Australia1,874,577Perth
0%
Nigeria2,075,000Port Harcourt
0%
Nigeria2,075,000Port Harcourt
0%
Nigeria2,075,000Port Harcourt
0%
Nigeria2,075,000Port Harcourt
0%
Nigeria2,075,000Port Harcourt
0%
Brasil4,256,800Porto Alegre
0%
Brasil4 256 800Porto Alegre
0%
Brasil4,256,800Porto Alegre
0%
Brasil4,256,800Porto Alegre
0%
Brasil4,256,800Porto Alegre
0%
Brasil4,256,800Porto Alegre
0%
Brasil4,256,800Porto Alegre
0%
Brasil4,256,800Porto Alegre
0%
Polonia536 438Poznan
0%
Polonia536,438Poznan
0%
Sudáfrica1 763 336Pretoria
0%
Sudáfrica1,763,336Pretoria
0%
México2,941,988Puebla
0%
México2,941,988Puebla
0%
México2,941,988Puebla
0%
Sudáfrica876,436Puerto Elizabeth
0%
Sudáfrica876 436Puerto Elizabeth
0%
Sudáfrica876,436Puerto Elizabeth
0%
Sudáfrica876 436Puerto Elizabeth
0%
Sudáfrica876,436Puerto Elizabeth
0%
Sudáfrica876,436Puerto Elizabeth
0%
Sudáfrica876,436Puerto Elizabeth
0%
Egipto760,152Puerto Saíd
0%
Egipto760,152Puerto Saíd
0%
Egipto760,152Puerto Saíd
0%
Egipto760,152Puerto Saíd
0%
Egipto760 152Puerto Saíd
0%
Egipto760,152Puerto Saíd
0%
Egipto760,152Puerto Saíd
0%
Pakistán2 098 231Rawalpindi
0%
Pakistán2,098,231Rawalpindi
0%
Pakistán2,098,231Rawalpindi
0%
Pakistán2,098,231Rawalpindi
0%
Pakistán2,098,231Rawalpindi
0%
Pakistán2,098,231Rawalpindi
0%
Pakistán2 098 231Rawalpindi
0%
Pakistán2,098,231Rawalpindi
0%
Pakistán2,098,231Rawalpindi
0%
Pakistán2,098,231Rawalpindi
0%
Arabia Saudita5,188,286Riad
0%
Brasil12,644,321Río de Janeiro
0%
Argentina1,339,500Rosario
0%
Argentina1,339,500Rosario
0%
Marruecos890 403Salé
0%
Marruecos890,403Salé
0%
Marruecos890,403Salé
0%
Marruecos890,403Salé
0%
Marruecos890,403Salé
0%
Marruecos890,403Salé
0%
Marruecos890,403Salé
0%
Marruecos890,403Salé
0%
Marruecos890,403Salé
0%
Marruecos890,403Salé
0%
Marruecos890,403Salé
0%
Argentina902,200San Miguel de Tucumán
0%
Argentina902,200San Miguel de Tucumán
0%
Argentina902 200San Miguel de Tucumán
0%
Argentina902,200San Miguel de Tucumán
0%
Argentina902 200San Miguel de Tucumán
0%
Argentina902,200San Miguel de Tucumán
0%
Argentina902,200San Miguel de Tucumán
0%
Argentina902,200San Miguel de Tucumán
0%
Rusia5,383,890San Petersburgo
0%
Brasil21,734,682São Paulo
0%
Japón2,842,151Sapporo
0%
Corea del Sur10,049,607Seúl
0%
China10,358,381Shenzhen
0%
China10,358,381Shenzhen
0%
China10,358,381Shenzhen
0%
China10,358,381Shenzhen
0%
Irán1,565,572Shiraz
0%
Irán1,565,572Shiraz
0%
Irán1,565,572Shiraz
0%
Irán1,565,572Shiraz
0%
Irán1,565,572Shiraz
0%
Irán1,565,572Shiraz
0%
Australia4,321,543Sídney
0%
Egipto740,874Suez
0%
Indonesia2 765 487Surabaya
0%
Indonesia2 765 487Surabaya
0%
Indonesia2,765,487Surabaya
0%
Indonesia2 765 487Surabaya
0%
Indonesia2,765,487Surabaya
0%
Indonesia2,765,487Surabaya
0%
Indonesia2,765,487Surabaya
0%
Indonesia2,765,487Surabaya
0%
Indonesia2,765,487Surabaya
0%
Indonesia2,765,487Surabaya
0%
Marruecos947,952Tanger
0%
Marruecos947 952Tanger
0%
Nueva Zelanda144,670Tauranga
0%
Nueva Zelanda144,670Tauranga
0%
Nueva Zelanda144,670Tauranga
0%
Nueva Zelanda144,670Tauranga
0%
Nueva Zelanda144 670Tauranga
0%
Nueva Zelanda144,670Tauranga
0%
Nueva Zelanda144,670Tauranga
0%
China9,583,277Tianjin
0%
Francia968,638Tolosa
0%
Francia968,638Tolosa
0%
México2,202,886Toluca
0%
México2,202,886Toluca
0%
México2,202,886Toluca
0%
México2,202,886Toluca
0%
Italia1 640 000Turín
0%
Suecia162,089Uppsala
0%
Suecia162,089Uppsala
0%
Países Bajos382,520Utrecht
0%
Países Bajos382,520Utrecht
0%
Países Bajos382,520Utrecht
0%
España1,770,000Valencia
0%
Canadá2,264,823Vancouver
0%
Suecia126,190Västerås
0%
Suecia126,190Västerås
0%
Suecia126,190Västerås
0%
Suecia126,190Västerås
0%
Suecia126 190Västerås
0%
Suecia126 190Västerås
0%
Suecia126,190Västerås
0%
Portugal302,295Vila Nove de Gaia
0%
Portugal302,295Vila Nove de Gaia
0%
Portugal302,295Vila Nove de Gaia
0%
Portugal302,295Vila Nove de Gaia
0%
Portugal302,295Vila Nove de Gaia
0%
Portugal302,295Vila Nove de Gaia
0%
Portugal302 295Vila Nove de Gaia
0%
Portugal302,295Vila Nove de Gaia
0%
Portugal302 295Vila Nove de Gaia
0%
Portugal302,295Vila Nove de Gaia
0%
Indonesia9,586,705Yakarta
0%
Arabia Saudita3,430,697Yeda
0%
Arabia Saudita3,430,697Yeda
0%
Arabia Saudita3,430,697Yeda
0%
Arabia Saudita3,430,697Yeda
0%

Distribución de puntuación

Porcentaje por número respondido

Porcentaje de gente con cada puntuación

Historial de tus puntuaciones

No has intentado esta prueba.